书目信息 |
| 题名: |
盆景制作技法与鉴赏
|
|
| 作者: | 雷东林 , 周武忠 , 蒋长林 编著 | |
| 分册: | ||
| 出版信息: | 北京 中国农业出版社 1999 |
|
| 页数: | 205页 | |
| 开本: | 20cm | |
| 丛书名: | 东方园艺丛书 | |
| 单 册: | ||
| 中图分类: | S688.1 | |
| 科图分类: | ||
| 主题词: | 盆景--制作 , 盆景--鉴赏 , 盆景 | |
| 电子资源: | ||
| ISBN: | 7-109-06002-0 | |
| 000 | 01030oam2 2200301 45 | |
| 001 | 010000004875 | |
| 005 | 20051014081322.18 | |
| 010 | @a7-109-06002-0@dCNY19.60 | |
| 092 | @aCN | |
| 100 | @a20040421d1999 ekmy0chiy0120 ea | |
| 101 | 0 | @achi |
| 102 | @aCN@b110000 | |
| 105 | @aa az 000yy | |
| 200 | 1 | @a盆景制作技法与鉴赏@9pen jing zhi zuo ji fa yu jian shang@f雷东林,周武忠,蒋长林编著@Flei dong lin,zhou wu zhong,jiang chang lin bian zhu |
| 210 | @a北京@c中国农业出版社@d1999 | |
| 215 | @a205页@c图@d20cm | |
| 225 | 2 | @a东方园艺丛书@v6@f周武忠主编 |
| 330 | @a本书系统阐述了盆景的分类与造型形式、盆景的创作、中国盆景的艺术风格与流派、盆景的制作与管理、中国盆景的材料和中国盆景艺术鉴赏等内容。 | |
| 461 | 0 | @12001 @a东方园艺丛书 |
| 606 | 0 | @a盆景@x制作 |
| 606 | 0 | @a盆景@x鉴赏 |
| 606 | 0 | @a盆景 |
| 690 | @aS688.1@v4 | |
| 701 | 0 | @a雷东林@Alei dong lin@4编著 |
| 701 | 0 | @a周武忠@Azhou wu zhong@4编著 |
| 701 | 0 | @a蒋长林@Ajiang chang lin@4编著 |
| 801 | 0 | @aCN@bTSSF@c20051014 |
| 905 | @a10447@dS688.1@e107 | |
| 盆景制作技法与鉴赏/雷东林,周武忠,蒋长林编著.-北京:中国农业出版社,1999 |
| 205页:图;20cm.-(东方园艺丛书;6/周武忠主编) |
| ISBN 7-109-06002-0:CNY19.60 |
| 本书系统阐述了盆景的分类与造型形式、盆景的创作、中国盆景的艺术风格与流派、盆景的制作与管理、中国盆景的材料和中国盆景艺术鉴赏等内容。 |
| ● |
| 相关链接 |
|
|
|
|
正题名:盆景制作技法与鉴赏
索取号:S688.1/107
 
预约/预借
| 序号 | 登录号 | 条形码 | 馆藏地/架位号 | 状态 | 备注 |
| 1 | 0365139 | 3651391 | 第二样本阅览室/ [索取号:S688.1/107] | 在馆 | |
| 2 | 0365140 | 3651408 | 第三借阅区/ [索取号:S688.1/107] | 在馆 | |
| 3 | 0365141 | 3651417 | 第三借阅区/ [索取号:S688.1/107] | 在馆 | |
| 4 | 0365142 | 3651426 | 第三借阅区/ [索取号:S688.1/107] | 在馆 | |
| 5 | 0365143 | 3651435 | 第三借阅区/ [索取号:S688.1/107] | 在馆 | |
| 6 | 0365826 | 3658269 | 第三借阅区/ [索取号:S688.1/107] | 在馆 | |
| 7 | 0365827 | 3658278 | 第三借阅区/ [索取号:S688.1/107] | 在馆 | |
| 8 | 0365828 | 3658287 | 第三借阅区/ [索取号:S688.1/107] | 在馆 | |
| 9 | 0365829 | 3658296 | 第三借阅区/ [索取号:S688.1/107] | 在馆 | |
| 10 | 0365830 | 3658303 | 第三借阅区/ [索取号:S688.1/107] | 在馆 |